[Event "Gibtelecom Masters"]
[Site "Gibraltar"]
[Date "2009.02.03"]
[Round "8.79"]
[White "Szabo, Gabor"]
[Black "Campbell, Ian"]
[Result "1/2-1/2"]
[WhiteElo "1862"]
[BlackElo "2023"]
[PlyCount "73"]
[EventDate "2009.01.27"]

1. e4 d6 2. d4 g6 3. Nf3 Bg7 4. Nc3 a6 5. Be3 Nd7 6. Qd2 b5 7. Bd3 e6 8. Ne2
Bb7 9. a4 bxa4 10. Rxa4 Ngf6 11. Ng3 O-O 12. h4 h5 13. Bg5 Qc8 14. c4 e5 15. b4
exd4 16. O-O c5 17. Qf4 Ne5 18. Nxe5 dxe5 19. Qxe5 Nxe4 20. Qf4 Nxg5 21. Qxg5
Qc6 22. Be4 Qxa4 23. Bxb7 Qxb4 24. Bxa8 Rxa8 25. Qd5 Re8 26. f4 Re3 27. f5 Rxg3
28. fxg6 Rxg6 29. Rxf7 Kh7 30. Qxh5+ Rh6 31. Qf5+ Kg8 32. Rxg7+ Kxg7 33. Qg5+
Rg6 34. Qe7+ Kg8 35. Qe8+ Kh7 36. Qf7+ Rg7 37. Qh5+ 1/2-1/2

[Event "Gibtelecom Masters"]
[Site "Gibraltar"]
[Date "2009.02.03"]
[Round "8.80"]
[White "Aagedal, Geir Ole"]
[Black "Tscharotschkin, Michael"]
[Result "0-1"]
[WhiteElo "1832"]
[BlackElo "2248"]
[PlyCount "112"]
[EventDate "2009.01.27"]

1. d4 d6 2. g3 f5 3. c4 Nf6 4. Nc3 g6 5. Bg2 Bg7 6. Nf3 O-O 7. O-O Nc6 8. d5
Ne5 9. Qb3 Nfd7 10. Na4 b6 11. Be3 Ba6 12. Rac1 Rb8 13. Qd1 Nxc4 14. Bd4 Nf6
15. Ng5 Qd7 16. Ne6 Rfc8 17. b3 Ne5 18. Rc2 c5 19. Ba1 Nf7 20. Re1 Nd8 21. Nxg7
Kxg7 22. e4 fxe4 23. Rxe4 Nf7 24. Qe1 Re8 25. Re6 Bd3 26. Qc3 Bxc2 27. Rxf6 Ne5
28. Re6 Rf8 29. Qxc2 b5 30. Nxc5 Qc8 31. Rxe5 dxe5 32. Bxe5+ Kg8 33. Bxb8 Qxb8
34. Bh3 Qe5 35. Be6+ Kg7 36. Nd3 Qd4 37. Qb2 Qxb2 38. Nxb2 Rf3 39. Kg2 Rc3 40.
Nd1 b4 41. Nb2 Rc2 42. Na4 Rxa2 43. Bd7 Kf6 44. Bb5 Ke5 45. Bc4 Kd4 46. h4 Rxa4
47. g4 Ra5 48. Kg3 Rc5 49. Kf4 Rxc4 50. bxc4 b3 51. Kg5 b2 52. Kh6 b1=Q 53. f4
g5 54. f5 gxh4 55. Kxh7 Ke5 56. Kg7 Qe4 0-1

[Event "Gibtelecom Masters"]
[Site "Gibraltar"]
[Date "2009.02.03"]
[Round "8.81"]
[White "Pantaleoni, Claudio"]
[Black "Kuenitz, Klaus"]
[Result "1-0"]
[WhiteElo "2211"]
[BlackElo "1663"]
[PlyCount "35"]
[EventDate "2009.01.27"]

1. e4 e6 2. d4 d5 3. Nd2 dxe4 4. Nxe4 Nd7 5. Nf3 Ngf6 6. Nxf6+ Nxf6 7. Bd3 c5
8. dxc5 Bxc5 9. O-O O-O 10. Qe2 b6 11. Bg5 Bb7 12. Rad1 Qc7 13. Ne5 Be7 14.
Rfe1 Rad8 15. Qe3 Nd5 16. Qh3 g6 17. Bh6 Rfe8 18. Nxf7 1-0

[Event "Gibtelecom Masters"]
[Site "Gibraltar"]
[Date "2009.02.03"]
[Round "8.82"]
[White "Gavriel, Tryfon C"]
[Black "Escandell Atienza, Santiago"]
[Result "1-0"]
[WhiteElo "2161"]
[BlackElo "1485"]
[PlyCount "95"]
[EventDate "2009.01.27"]

1. c4 e5 2. Nc3 Nf6 3. g3 d5 4. cxd5 Nxd5 5. Bg2 Nxc3 6. bxc3 Bc5 7. Nf3 Nc6 8.
d3 O-O 9. O-O Qe7 10. Qc2 h6 11. Bb2 Be6 12. a3 Rfd8 13. Rfd1 Bb6 14. c4 f6 15.
e3 Bf5 16. Nh4 Bd7 17. Be4 g5 18. Nf5 Qf8 19. Qe2 Bxf5 20. Bxf5 Ne7 21. Be6+
Kh8 22. d4 exd4 23. exd4 Ng8 24. d5 Re8 25. Kg2 Re7 26. a4 Bc5 27. Qf3 Rh7 28.
Qf5 Rg7 29. g4 Be7 30. Rd3 Qe8 31. Rh3 Qg6 32. Re1 Bb4 33. Ree3 Be7 34. Qxg6
Rxg6 35. Bxg8 Bc5 36. Bf7 Bxe3 37. Bxg6 Kg7 38. Rxe3 Kxg6 39. Re7 Rc8 40. Re6
Rf8 41. c5 Rf7 42. Kf3 h5 43. h3 hxg4+ 44. hxg4 b6 45. c6 a6 46. Ke4 Rf8 47. d6
cxd6 48. Kd5 1-0

[Event "Gibtelecom Masters"]
[Site "Gibraltar"]
[Date "2009.02.03"]
[Round "8.88"]
[White "Garcia Lechugo, Francisco"]
[Black "Gonzalez Amaya, Millan"]
[Result "0-1"]
[WhiteElo "1688"]
[BlackElo "1831"]
[PlyCount "42"]
[EventDate "2009.01.27"]

1. d3 e5 2. d4 exd4 3. Qxd4 Nc6 4. Qa4 Bc5 5. Qe4+ Qe7 6. Qxe7+ Ngxe7 7. Bg5
Nd4 8. Kd1 Ne6 9. Bxe7 Bxe7 10. Nf3 Bf6 11. c3 d5 12. e3 O-O 13. Bd3 Nc5 14.
Bc2 a5 15. Nbd2 a4 16. Nd4 c6 17. Ke2 Re8 18. Rhd1 Bg4+ 19. N2f3 a3 20. b3 Ne4
21. Bxe4 dxe4 0-1

[Event "Gibtelecom Masters"]
[Site "Gibraltar"]
[Date "2009.02.03"]
[Round "8.89"]
[White "Pieri, Enzo"]
[Black "Yarur Elsaca, Daniel"]
[Result "1-0"]
[WhiteElo "1829"]
[BlackElo "1805"]
[PlyCount "83"]
[EventDate "2009.01.27"]

1. d4 Nf6 2. Nf3 g6 3. e3 Bg7 4. Bd3 O-O 5. Nbd2 d6 6. O-O Nc6 7. c3 e5 8. Qc2
Nd7 9. Bb5 Ne7 10. e4 f5 11. Ng5 Nf6 12. Qb3+ d5 13. dxe5 Nxe4 14. Ngxe4 fxe4
15. Nxe4 Bxe5 16. Bg5 c6 17. Bd3 Kh8 18. Nd2 Qc7 19. g3 Bh3 20. Rfe1 Nf5 21.
Bf1 Bg4 22. Be2 Bh3 23. Bf1 Bxf1 24. Nxf1 Rae8 25. Kg2 h6 26. Bd2 Kg7 27. Ne3
Qf7 28. Nxf5+ Qxf5 29. f4 Bc7 30. Qxb7 Rxe1 31. Rxe1 Rf7 32. Qxc6 Qc2 33. Qxd5
Qxb2 34. Qd4+ Kh7 35. Re8 Qb7+ 36. Kh3 Rg7 37. f5 gxf5 38. Qf6 Rxg3+ 39. Kh4
Rg4+ 40. Kh5 Rh4+ 41. Kxh4 Bg3+ 42. Kxg3 1-0